02171cam a22004457a 4500952013900000999001700139001000900156003000400165005001700169008004100186010001700227020001800244020001500262025002700277035002400304035002100328037006400349040002600413042002100439043001200460050002200472082002400494100003000518110009200548245010600640260004500746300001100791504005100802505032400853520014301177650005301320650005401373650005601427650006001483700002601543700002601569710003901595906004501634942004601679 00102ddc40708PRODUCTIONaMESbMEScECO d2019-02-20g1580.00l0o338.1854 ROY/Gp38958r2019-02-20 00:00:00w2019-02-20yBKzGL7R3 c11476d1147616125021OSt20191226145919.0100109s2010 ii ab b 101 0 eng d a 2010316655 a9788184840612 a8184840616 aI-E-2010-316655; 85-91 a(OCoLC)ocn500497954 a(OCoLC)500497954 aLibrary of Congress -- New Delhi Overseas OfficecRs1580.00 aDKAGEbengcoclcdDLC alccopycatalcode aa-ii---00aS471.I3bE38 200904a338.1854222bROY/G 9805aRoy, Pashupati Kumar2 aEconomic Association of Bihar.bConferencen(12th :d2009 :cT.M. Bhagalpur University)10aGlobalisation and Agricultural Diversification of India /cPashupati Kumar Roy ; Shiw Pershan Sharma aNew Delhi :bRegal Publications,cc2010. a 379 p aIncludes bibliographical references and index.0 apt. 1. Agricultural diversification in Indian perspective -- pt. 2. Agricultural diversification and sustainable development -- pt. 3. Gender issue and agricultural diversification -- pt. 4. Agricultural diversification of Bihar and Jharkhand -- pt. 5. Diversification of horticulture and allied sectors of agriculture. aPapers presented at the 12th Annual Conference of Economic Association of Bihar, held at T.M. Bhagalpur University, during July 4-6, 2009. 0aAgricultural diversificationzIndiavCongresses. 0aAgriculturexEconomic aspectszIndiavCongresses. 0aGlobalizationxEconomic aspectszIndiavCongresses. 0aAgricultural diversificationzIndiazBiharvCongresses.1 aRoy, Pashupati Kumar.1 aSharma, Shiw Pershan.2 aTilka Manjhi Bhagalpur University. a7bcbcccopycatd3encipf20gy-gencatlg 2ddccBKh338.1854iROY/Gk338.1854mROY/G